000
00214 a2200097 4500
001
48466
100
_a
Packard, L.O
245
_a
Geography of the world
260
_a
New York
_b
Macmillan
_c
090
_c
31402
_d
31402
942
_a
NUST-CAE
_c
M
_c
23784
999
_c
283539
_d
283539